01012cam a2200253 a 450000100100000000500170001000800410002704000250006804100130009308200180010610000390012424000300016324501360019326000430032930000210037253400390039365000310043265000350046370000470049870000410054570000360058695201210062299900150074300000379620200929150555.0990305s1990 cu 001 f spa  aDO-SdBNPbspacBNPHU17aspaheng a813.54bM164d1 aMacLennan, Hugh,d1907-1990.9386310aTwo solitudes.lEspañol10aDos soledades /cHugh MacLennan; editor, Susana Díaz Alvarado; traductor, Blanca Inés Acosta Rabassa; prólogo, Felipe Cunill. aLa Habana :bArte y Literatura,c1990. a611 p. ;c19 cm. aTítulo original:tTwo solitudes. 4aNovela estadounidense9262 4aLiteratura estadounidense92631 aAcosta Rabassa, Blanca Inés,etr.9115331 aDíaz Alvarado, Susana,eed.9115341 aCunill, Felipe,epról.911535 001052708MOaGRbGRcCTd2009-07-13iLF1l0o813.54 M164dp3796-10r2020-06-25w2020-06-25y2ZPréstamo interno c3618d3618